Cuadernos de arquitectura : caminos para una arquitectura mexicana /
Guardado en:
| Autor principal: | |
|---|---|
| Otros autores: | , |
| Formato: | Libro |
| Idioma: | Español |
| Publicado: |
México :
Instituto Nacional de Bellas Artes, Dirección de Arquitectura y Conservación del Patrimonio Artístico Inmueble : CONACULTA,
2001, c2001
|
| Temas: | |
| Etiquetas: |
Sin etiquetas, Sé el primero en etiquetar este registro!
|
MARC
| LEADER | 00000nam^a2200000^a^4500 | ||
|---|---|---|---|
| 001 | 000151054 | ||
| 005 | 20250521000000.0 | ||
| 009 | 20260310100157.143 | ||
| 020 | |a 970-18-7703-3 | ||
| 020 | |a 970-18-7138-3 | ||
| 037 | |a Acervo ITESO - Biblioteca | ||
| 041 | |a ESP | ||
| 082 | |a 720. 5 |b CUA S. 3 V. 3 | ||
| 100 | |a Arai, Alberto T. |e (autor) | ||
| 240 | 1 | 1 | |a [Cuadernos de arquitectura] |
| 245 | 1 | 0 | |a Cuadernos de arquitectura : |b caminos para una arquitectura mexicana / |c A.T. Arai ; presen. de S. Topelson de Grinberg ; introd. de L. Noelle Mereles. |
| 264 | 4 | |a México : |b Instituto Nacional de Bellas Artes, Dirección de Arquitectura y Conservación del Patrimonio Artístico Inmueble : |b CONACULTA, |c 2001, c2001 | |
| 300 | |a XIV, 47 p. | ||
| 336 | |a texto |b txt |2 rdacontenido | ||
| 337 | |a sin mediación |b n |2 rdamedio | ||
| 338 | |a volumen |b nc |2 rdasoporte | ||
| 649 | |a XX | ||
| 650 | |a Arquitectos Mexicanos | ||
| 650 | |a Artistas Mexicanos | ||
| 650 | |a Nacionalismo en la Arquitectura - |x Teoría | ||
| 650 | |a Nacionalismo en la Arquitectura - |z México | ||
| 650 | |a Nacionalismo en el Arte - |x Teoría | ||
| 650 | |a Nacionalismo en el Arte - |z México | ||
| 650 | |a Arquitectura Regionalista - |x Teoría | ||
| 650 | |a Arquitectura Regionalista - |z México | ||
| 650 | |a Arquitectura Moderna - |x Teoría | ||
| 650 | |a Arquitectura Moderna - |z México | ||
| 650 | |a Arquitectura Mexicana - |y Siglo XX | ||
| 650 | |a Arte Moderno - |x Teoría | ||
| 650 | |a Arte Moderno - |z México | ||
| 650 | |a Arte Mexicano - |y Siglo XX | ||
| 650 | |a Arai, Alberto T. | ||
| 700 | |a Topelson de Grinberg, Sara |e (presentación) | ||
| 700 | |a Noelle Mereles, Louise |e (introducción) | ||
| 910 | |a Fondo General | ||
| 920 | |a Impresos - Libros | ||
| 930 | |a Colección General | ||
| 905 | |a 101 | ||
| 901 | |a 0500080384 |b IT1 |c ACC |u 20250521 | ||
| 902 | |a https://opac.biblio.iteso.mx/vufind/Record/000151054 | ||